00523nam a2200157Ia 4500008004100000041001200041082001600053100001800069245005200087260002900139300000800168650000800176942000700184999001500191952015900206221030s9999 xx 000 0 und d aEnglish a105.23bCar aA. J. Caristi 0aElectronic Telephone Projectscby A. J. Caristi bBPB PubaNew Delhic1989 a244 aECE cBK c8612d8612 pBE 853g45.00l0o105.23 Carr2024-06-13 00:00:00w2022-10-30yBK003Print4071aMIETLIBbMIETLIBcBL-Second, FL-1, CUP-75, SH-1, R-1d2000-01-3110HBE